[Event "Bogota Navidad op"]
[Site "Bogota"]
[Date "2024.12.06"]
[Round "4"]
[White "Moreno Cardenas, Joseph Thomas"]
[Black "Melgarejo Suarez, Aritna Valentina"]
[Result "0-1"]
[WhiteElo "1577"]
[BlackElo "1775"]
[PlyCount "82"]
[EventDate "2024.12.04"]
[EventType "swiss"]
[EventRounds "9"]
[EventCountry "COL"]
[SourceTitle "CB50_2024"]
[SourceDate "2024.11.01"]
[SourceVersion "1"]
[SourceVersionDate "2024.11.01"]
[SourceQuality "2"]

1. c4 e5 2. Nc3 Nf6 3. a3 d6 4. d3 c6 5. Bg5 Be7 6. g3 Be6 7. Nf3 Nbd7 8. Bg2 h6 9. Bxf6 Nxf6 10. 0-0 Qd7 11. b4 Bh3 12. Qd2 Bxg2 13. Kxg2 0-0 14. Rh1 Rad8 15. h4 Qg4 16. Rh3 e4 17. Nh2 Qe6 18. Re1 d5 19. c5 Rfe8 20. d4 Ng4 21. Nxg4 Qxg4 22. f3 Qg6 23. h5 exf3+ 24. exf3 Qg5 25. f4 Qg4 26. Qd3 Bf6 27. Rhh1 Rxe1 28. Rxe1 Qxh5 29. b5 Qg6 30. Qe3 Qf5 31. bxc6 bxc6 32. a4 Rd7 33. Qe8+ Kh7 34. Qc8 g6 35. Qxc6 Bxd4 36. Ne2 Qe4+ 37. Kh2 Re7 38. f5 Qxf5 39. Nxd4 Qf2+ 40. Kh3 Rxe1 41. Qxd5 Rd1 0-1